| 000 | 00464nam a22001817a 4500 | ||
|---|---|---|---|
| 003 | CEME | ||
| 005 | 20210628204032.0 | ||
| 008 | 210113b xxu||||| |||| 00| 0 eng d | ||
| 020 | _a9693525752 | ||
| 040 | _cceme | ||
| 082 | _a891.4394 SAL | ||
| 100 |
_aAhmad Saleem , Saleem, Ahmad _968364 |
||
| 245 | _aManto maira dost maira dushman | ||
| 260 |
_aLAHORE _bSANG-E-MEEL PUB _c2012 |
||
| 300 | _a400P | ||
| 650 |
_aURDU ADAB-EAASYS. _968365 |
||
| 942 |
_cBK _2ddc |
||
| 999 |
_c575962 _d575962 |
||